| 000 | 00548nam a2200133Ia 4500 | ||
|---|---|---|---|
| 008 | 100328s9999 xx 000 0 und d | ||
| 082 | _b48663 | ||
| 100 | _aनाडकर्णी सुरेश-संपा. | ||
| 245 | _aअसाही एक पंडितराज विद्याार | ||
| 260 | _bवसंत बुकस्टॅाल | ||
| 630 | _aअसाही एक पंडितराज विद्याार | ||
| 730 | _aअसाही एक पंडितराज विद्याार | ||
| 942 | _cBOOK | ||
| 999 |
_c536247 _d536244 |
||